| 000 | 00990namaa2200217 i 4500 | ||
|---|---|---|---|
| 001 | 174185 | ||
| 003 | ES-MaACL | ||
| 005 | 20230906215446.0 | ||
| 008 | 100302s1918 sp | |||| ||spa d | ||
| 080 | _a582.284.21 (460) | ||
| 100 | 1 |
_aGonzález Fragoso, Romualdo. _958637 |
|
| 245 | 1 | 3 |
_aLa roya de los vegetales : _benumeración y distribución geográfica de los Uredales conocidos hasta hoy en la península ibérica e islas Baleares / _cpor Romualdo González Fragoso. |
| 260 |
_aMadrid : _bJunta para Ampliación de Estudios e Investigaciones Científicas, _c1918. |
||
| 300 |
_a267 p. ; _c23 cm. |
||
| 490 | 1 |
_aTrabajos del Museo Nacional de Ciencias Naturales. Serie botánica ; _v15 |
|
| 650 | 4 |
_aUredinales- _zEspaña. _9142281 |
|
| 710 | 2 |
_aJunta para la Ampliación de Estudios e Investigaciones Científicas. _95413 |
|
| 830 | 1 |
_aTrabajos del Museo Nacional de Ciencias Naturales. Serie botánica ; _v15 _9189324 |
|
| 852 | 4 |
_aES-MaACL _jB-13138(1) |
|
| 999 |
_c174185 _d174185 |
||